Theory of functions of a complex variable /

Guardado en:
Autor Principal: Markushevich, A. I. 1908-
Otros Autores: Silverman, Richard A. (Traductor, Editor )
Formato: Libro
Idioma:English
Russian
Publicado: Englewood Cliffs, N.J. : Prentice-Hall, c1965-c1967.
Edición:Rev. English ed. /
Series:Selected Russian publications in the mathematical sciences
Acceso en línea:Google Book Search
Etiquetas: Agregar Etiqueta
Sin Etiquetas, Sea el primero en etiquetar este registro!
LEADER 01215nam a22002895 4500
001 MAT.inmabb001826
008 841211m19651967njua#####b####001#0#eng#d
005 20160323162522.0
245 1 0 |a Theory of functions of a complex variable /  |c A. I. Markushevich. 
250 |a Rev. English ed. /  |b translated and edited by Richard A. Silverman. 
260 |a Englewood Cliffs, N.J. :  |b Prentice-Hall,  |c c1965-c1967. 
300 |a 3 v. :  |b il. ;  |c 24 cm. 
440 0 |a Selected Russian publications in the mathematical sciences 
500 |a Traducción de: Teoriia analiticheskikh funktsii. 
504 |a Incluye referencias bibliográficas e índices. 
510 4 |a MR,  |c 30 #2125  |3 (v. 1) 
510 4 |a MR,  |c 31 #5965  |3 (v. 2) 
510 4 |a MR,  |c 35 #6799  |3 (v. 3) 
100 1 |a Markushevich, A. I.  |q (Aleksei Ivanovich),  |d 1908- 
700 1 |a Silverman, Richard A.  |4 trl  |4 edt 
084 |a 30-01  |2 msc2000 
010 |a  65012876  
041 1 |a eng  |h rus 
856 |u http://books.google.com/books?id=H8xfPRhTOcEC&printsec=frontcover  |y Google Book Search 
859 |h 30  |i M346i  |p A-2504  |v 1  |3 Vol. 1  |b BIB. MATEMATICA 
859 |h 30  |i M346i  |p A-2505  |v 2  |3 Vol. 2  |b BIB. MATEMATICA 
859 |h 30  |i M346i  |p A-3296  |v 3  |3 Vol. 3  |b BIB. MATEMATICA